[Event "Stay Safe Play From Home 292"]
[Site "Emanuel Lasker Arena"]
[Date "2020.07.10"]
[Round "3"]
[White "AChessPlayer"]
[Black "Haxhi Baha"]
[Result "1-0"]
[WhiteElo "2359"]
[BlackElo "1992"]
[Annotator "TA"]
[PlyCount "91"]
[EventDate "2020.07.10"]
[EventType "swiss (blitz)"]

{[%evp 9,91,-48,-42,-103,-102,-106,-35,-54,-42,-52,-56,-54,0,-53,-50,-269,-81,-63,5,-121,-110,-230,48,37,52,47,54,40,54,47,73,74,115,122,124,54,54,50,57,50,66,43,86,72,117,117,117,109,121,131,176,176,165,165,384,207,432,336,1246,589,763,738,895,253,234,121,121,55,121,95,121,121,29982,29983,29982,29983,29987,29988,29989,29990,29991,29990,29991,29991]} 1. g3 e6 2. Bg2 Be7 3. f4 d5 4. Nf3 h5 {[#]} 5. O-O $146 ({Predecessor:} 5. d3 h4 6. e4 hxg3 7. hxg3 Rxh1+ 8. Bxh1 Nf6 9. Nc3 dxe4 10. Nxe4 Nxe4 11. dxe4 Qxd1+ 12. Kxd1 {0-1 (31) Jacobsen,B (2325)-Thorfinnsson,B (2422) Copenhagen 2009}) 5... h4 6. g4 {A00: Irregular Openings.} (6. gxh4 $15 Nh6 7. Nc3) 6... h3 $17 7. Bh1 Nf6 (7... Nh6 $17 8. Ne5 Nc6) 8. g5 $15 {Black is slightly better.} Ng4 9. e3 c5 10. d4 f5 (10... Nc6 $15) 11. c3 (11. c4 $11) 11... Nc6 12. Nbd2 $2 ({White should try} 12. Na3 $15) 12... Qc7 $2 (12... Nxe3 $19 {has better winning chances.} 13. Qe2 Nxf1 14. Nxf1 cxd4 15. cxd4 Bd7) 13. Qe2 $17 c4 (13... cxd4 $15 14. Nxd4 e5 15. fxe5 Qxe5) 14. Ne5 (14. Ne1 $11) 14... Ncxe5 (14... Ngxe5 $6 15. dxe5 b5 16. Nf3 $15) 15. dxe5 {[#]} (15. fxe5 $17 {was the only chance.} Bxg5 16. Bf3) 15... Bd7 $2 (15... Nxe3 $1 $19 {[%mdl 512] Threatens to win with ...Qb6.} 16. Rf3 (16. Qxe3 $2 Bc5 $19) 16... Ng4) 16. Nf3 $1 $14 Bc5 17. Nd4 O-O-O 18. Bf3 Bxd4 19. exd4 Rh4 20. Bd2 b5 21. Be1 Rhh8 22. b4 (22. Bxg4 $16 {Bf3 is the strong threat.} fxg4 23. f5 (23. Qxg4 Rdf8 $16)) 22... g6 23. Bxg4 fxg4 24. Qxg4 Rdf8 25. Bd2 a5 26. a3 {[%cal Ba2a3,Ba3b4][%mdl 32]} axb4 27. axb4 Kb7 28. Rf3 Ra8 29. Rxa8 Rxa8 30. Qxh3 Ra2 31. Rf2 Qb6 $2 (31... Ra8 {keeps fighting.} 32. Kg2 Kb6) 32. Be3 (32. Qh7 $142 Kc7 33. Kg2) 32... Qa6 $2 (32... Rxf2 33. Bxf2 (33. Kxf2 Qa6 $16) 33... Be8) 33. Qh7 $18 {[%mdl 64] Double Attack} Rxf2 $2 (33... Kc7 34. Kg2 Qa4 35. Qxg6 Ra3) 34. Bxf2 (34. Qxd7+ $142 Kb8 35. Bxf2) 34... Kc6 35. Kg2 (35. Qe7 Kc7 $18) 35... Qa1 36. Qe7 $2 (36. Qxg6 Qxc3 37. Qf7) 36... Kc7 37. Qd6+ ({Only move:} 37. f5 $1 $18 {[%cal Rf5e6]} Qb1 38. Qd6+ (38. fxe6 Qe4+ 39. Kg3 Qd3+ 40. Kh4 Qe4+ 41. Kh3 Qf5+ 42. Kg2 Qe4+ 43. Kg1 Qb1+ 44. Be1 Qxe1+ {[%mdl 64] Double Attack} 45. Kg2 Qd2+ 46. Kg1 Qe1+ 47. Kg2 Qd2+ 48. Kg1 Qe1+ $11) 38... Kd8 39. Qf8+ (39. fxe6 Qe4+ 40. Kg1 Qb1+ 41. Be1 Qxe1+ {[%mdl 64] Double Attack} 42. Kg2 Qd2+ 43. Kg1 Qe1+ 44. Kg2 Qd2+ 45. Kg1 Qe1+ $11) 39... Be8 40. fxe6 Qe4+ 41. Kg3) 37... Kc8 $16 38. Qc5+ (38. Qf8+ $16 Kc7 39. Qd6+ Kc8 40. Qf8+ (40. f5 gxf5 41. Qf8+ Kc7 $18) 40... Kc7 41. Qd6+) 38... Kd8 ({Black should play} 38... Kb7 $14) 39. Qf8+ Kc7 40. f5 Qxc3 $2 {[%mdl 8192]} (40... gxf5 $16 41. Qd6+ (41. g6 Qb1 $16) 41... Kc8) 41. Qd6+ {White mates.} Kc8 42. fxe6 Bxe6 43. Qxe6+ {[%mdl 64] Double Attack} Kb7 44. Qxd5+ Ka7 45. Qc5+ Kb8 46. Qxb5+ {What a bad dream for Black. Accuracy: White = 41%, Black = 32%.} 1-0

[Event "Stay Safe Play From Home 292"]
[Site "Emanuel Lasker Arena"]
[Date "2020.07.10"]
[Round "3"]
[White "Lamborghini"]
[Black "peteranand"]
[Result "1-0"]
[WhiteElo "2206"]
[BlackElo "2250"]
[Annotator "TA"]
[PlyCount "45"]
[EventDate "2020.07.10"]
[EventType "swiss (blitz)"]

{[%evp 9,44,27,44,35,47,29,56,50,76,69,90,86,125,60,113,109,112,108,535,314,357,149,339,118,214,96,260,56,461,459,571,557,1234,1230,29998,29999,29999]} 1. e4 e6 2. d3 d5 3. Nd2 Nf6 4. Ngf3 dxe4 5. dxe4 b6 6. Bb5+ {C00: French: Unusual White 2nd moves.} c6 7. Bd3 Bb7 8. O-O {White is slightly better.} Be7 {[#]} 9. e5 $146 ({Predecessor:} 9. Qe2 Nbd7 10. e5 Nd5 11. Nb3 c5 12. a3 Rb8 13. c4 Nc7 14. Bf4 O-O 15. Rad1 {1-0 (38) Lecler,C-Leiva,J Santiago de Chile 1994}) 9... Nd5 10. Ne4 Nd7 11. a3 (11. c4 $16) 11... Nc5 ({Black should play} 11... b5 $1 $14) 12. Nxc5 $16 Bxc5 13. Qe2 O-O $2 {[%mdl 8192]} (13... b5 $16 {is tougher.}) 14. Rd1 Qc7 15. Qe4 (15. c4 $18 {and White stays clearly on top.}) 15... g6 $2 {[#]} (15... f5 $16 {keeps fighting.} 16. exf6 Nxf6 17. Qxe6+ Kh8) 16. Bh6 $2 (16. c4 $1 $18 {is the precise move to win.}) 16... Rfd8 (16... b5 $16 {is a better defense.}) 17. Qh4 (17. c4 $18 {has better winning chances.}) 17... Bf8 $2 (17... b5 $16) 18. Bg5 $2 ({Much less strong is} 18. Bxf8 Rxf8 19. Ng5 (19. c4 Ne7 $16) 19... h5 $16) (18. c4 $18) 18... Be7 $2 {[%mdl 8192]} (18... Rd7 $14) 19. c4 $18 Bxg5 20. Nxg5 h6 21. Qxh6 Qxe5 22. Qh7+ {[%mdl 64] [#] Double Attack} Kf8 23. Qxf7# {Accuracy: White = 38%, Black =  6%.} 1-0

[Event "Stay Safe Play From Home 292"]
[Site "Emanuel Lasker Arena"]
[Date "2020.07.10"]
[Round "3"]
[White "Lazieri3"]
[Black "SoulofWolf"]
[Result "0-1"]
[WhiteElo "2102"]
[BlackElo "2278"]
[Annotator "TA"]
[PlyCount "74"]
[EventDate "2020.07.10"]
[EventType "swiss (blitz)"]

{[%evp 9,74,-27,-20,-23,-8,0,-2,-7,16,-12,34,1,37,-25,-20,-25,10,0,64,52,64,75,82,87,87,36,84,52,67,57,66,58,64,-25,57,-71,0,0,0,-302,-39,-285,-275,-291,-299,-393,-396,-481,-281,-524,-208,-397,-378,-827,-806,-922,-711,-962,-875,-768,-487,-429,-403,-422,-320,-441,39]} 1. e4 c5 2. Nc3 e6 3. Nf3 Nc6 4. Bc4 Be7 5. d3 a6 6. a3 {[#] B30: Sicilian: 2...Nc6 3 Bb5, lines without ...g6.} Rb8 $146 ({Predecessor:} 6... Qc7 7. O-O Nf6 8. h3 O-O 9. Be3 b6 10. Qd2 Bb7 11. Nh2 Rad8 12. Rad1 d5 13. exd5 exd5 {0-1 (38) Souto,A (1288)-Ferrari,C (1685) Montevideo 2019}) 7. O-O b5 8. Ba2 {The position is equal.} Nf6 9. h3 h6 10. Re1 (10. e5 $5 {[%cal Re5f6]} Nh7 11. Ne4 $14) 10... Qc7 11. Be3 (11. e5 $14 Nh7 12. Bf4) 11... d6 12. d4 c4 13. d5 Nd8 (13... Ne5 $11) 14. dxe6 $14 fxe6 15. Nh4 $36 {[%mdl 2048] White has strong initiative.} O-O 16. Ng6 Re8 17. Nxe7+ (17. b3 $16) 17... Qxe7 18. f3 Nf7 19. Qd2 Bb7 20. Rad1 Rbd8 21. Ne2 ({Better is} 21. Bb6 $14) 21... Ne5 (21... d5 $11 22. exd5 Rxd5) 22. c3 (22. Bb6 $14 {keeps the upper hand.}) 22... Nd3 (22... d5 $1 $17 {[%cal Rd5e4]} 23. Qd4 Nd3 {[%mdl 64] Double Attack}) 23. Rf1 $11 d5 24. exd5 $2 {[%mdl 8192]} (24. e5 $1 $11 {and White stays safe.} Nxe5 25. Bb1) 24... Rxd5 $2 ({Not} 24... Nxd5 25. b4 $17) (24... exd5 $19 25. Bb6 Rd6) 25. Nd4 $2 {Now White is beyond hope.} (25. Nc1 $15) 25... e5 $1 $19 {[%cal Re5d4]} 26. Nf5 Qd7 27. Nxh6+ gxh6 28. Bxh6 Nh7 (28... e4 $142 29. fxe4 Nxe4) 29. Be3 $2 {[#]} (29. b3 Nb2 {[%mdl 64] Deflection} 30. Qxb2 Rxd1 31. bxc4) 29... Re6 $2 (29... Nxb2 $1 {[%mdl 512]} 30. Qxb2 Rxd1 31. Rxd1 Qxd1+ 32. Kf2 Qd7) 30. Qe2 $2 (30. b3 Nc5 31. Qc2 cxb3 32. Bxb3 Nxb3 33. Qxb3) 30... Rg6 31. Kh1 $2 (31. Kh2 Nf6 32. b3) 31... Nf6 32. Bb1 Nh5 {aiming for ...Ng3+.} 33. Kh2 Qd6 34. Bxd3 cxd3 35. Qf2 Qf6 36. Rd2 Bc8 37. Rfd1 {[#]} Bf5 $2 {[%mdl 32768] Accuracy: White = 30%, Black = 45%. . Loss on time!?} ({Black should try} 37... e4 $1 $19 38. g4 (38. fxe4 Qe5+) 38... exf3) 0-1

[Event "Stay Safe Play From Home 292"]
[Site "Emanuel Lasker Arena"]
[Date "2020.07.10"]
[Round "3"]
[White "Bardellosport"]
[Black "MarkonY"]
[Result "0-1"]
[WhiteElo "1948"]
[BlackElo "2311"]
[Annotator "TA"]
[PlyCount "52"]
[EventDate "2020.07.10"]
[EventType "swiss (blitz)"]

{[%evp 9,52,-65,-63,-73,-93,-101,-102,-95,-82,-117,-121,-169,-150,-149,-148,-162,-160,-177,-168,-254,-187,-206,-185,-618,-599,-977,-995,-930,-400,-1975,-1097,-29995,-29992,-29996,-29997,-29999,-29990,-29990,-29991,-29994,-29995,-29997,-29998,-29998,-29999]} 1. e4 c5 2. Nf3 g6 3. Bc4 Bg7 4. c3 Nc6 5. e5 Nxe5 6. Nxe5 {B27: Sicilian: 2 Nf3, unusual Black 2nd moves.} Bxe5 {[#]} 7. Bb3 $146 ({Predecessor:} 7. O-O Bg7 8. d3 Nf6 9. h3 O-O 10. Be3 d5 11. Bb3 d4 12. Bd2 Bf5 13. Bc2 {0-1 (39) Reinhart,J (1175)-Ribeiro,M (1487) Hayange 2013}) 7... d5 8. O-O {Black is better.} e6 9. Bc2 Bg7 10. f4 Nf6 11. d3 O-O 12. Qf3 b6 13. h3 Bb7 14. g4 (14. Qf2 $142) 14... Qd7 15. Qg3 d4 16. f5 $2 (16. c4) 16... exf5 $19 {[%mdl 64] [#] Overworked Piece} 17. gxf5 Nh5 18. Qg4 Qd5 (18... Qc6 $142 19. Qe4 Qc7) 19. Bg5 (19. Qe4 $142) 19... Rae8 {[%cal Ba8e8,Be8e2,Be2g2][%mdl 32] ( -> ...Qh1+)} 20. Kh2 Be5+ {Black mates.} 21. Bf4 Bxf4+ 22. Rxf4 Nxf4 23. Nd2 Re2+ {[%mdl 64] [#] Double Attack} 24. Kg3 Rg2+ {[%mdl 64] Skewer} 25. Kh4 Qd8+ 26. f6 Qxf6+ {White got outplayed after the opening. Accuracy: White = 36%, Black = 71%.} 0-1

[Event "Stay Safe Play From Home 292"]
[Site "Emanuel Lasker Arena"]
[Date "2020.07.10"]
[Round "3"]
[White "Greblah"]
[Black "Little champs"]
[Result "1-0"]
[WhiteElo "1858"]
[BlackElo "2306"]
[Annotator "TA"]
[PlyCount "101"]
[EventDate "2020.07.10"]
[EventType "swiss (blitz)"]

{[%evp 9,101,28,41,12,17,16,22,-13,0,-17,-9,-13,0,0,4,0,135,15,124,129,320,325,336,329,386,200,353,341,359,273,270,287,248,190,170,28,9,5,43,-110,-106,-164,5,-167,-45,-614,-610,-740,-792,-1764,-689,-1069,-1062,-900,-27,-27,-23,-40,-54,-93,0,0,0,0,8,8,8,-24,0,0,0,0,0,0,0,0,0,0,0,-12,0,0,0,0,4,0,0,0,0,-74,-77,-351,-235,-483]} 1. e4 c6 2. d4 d5 3. exd5 cxd5 4. Bd3 Nf6 5. c3 e6 6. Ne2 {B13: Caro-Kann: Exchange Variation and Panov-Botvinnik Attack.} Be7 7. O-O O-O 8. f4 {The position is equal.} Nc6 {[#]} 9. Ng3 $146 ({Predecessor:} 9. Nd2 a6 10. Nf3 b5 11. Ne5 Bb7 12. a3 Na5 13. b4 Nc4 14. Ng3 g6 15. h4 {½-½ (29) Lancuncewicz,A-Juzl,F Konin 2011}) 9... b6 10. Qe1 Bb7 11. Nd2 Rc8 12. Nf3 a5 (12... Re8 $11) 13. Ne5 (13. f5 $16) 13... Nxe5 (13... g6 $11) 14. fxe5 $16 Nd7 $2 (14... Ne4 $16) 15. Nh5 $18 g6 16. Qg3 Kh8 17. Nf4 (17. Bh6 $142) 17... Rg8 $2 (17... Bh4 18. Qh3 Kg8) 18. Nh3 Bh4 19. Qf3 f5 20. exf6 $1 Bxf6 21. Nf4 e5 {[#] Strongly threatening ...e4.} 22. dxe5 ({Stronger than} 22. Nxd5 exd4 23. c4 Rc5 $11) (22. Nxg6+ $1 $18 {[%mdl 512]} hxg6 (22... Rxg6 23. Bxg6) 23. Qh3+ Bh4 24. g3 {[%mdl 64] Pin}) 22... Nxe5 $11 23. Qh3 Nxd3 24. Nxd3 $2 (24. Qxd3 $14 {is the one way to stay ahead.} d4 25. Ne6) 24... d4 $36 {[%mdl 2048] Black has strong initiative.} 25. cxd4 (25. c4 $17) 25... Qxd4+ $2 ({Black should try} 25... Re8 $19 26. Bh6 Rc2) 26. Kh1 $2 (26. Be3 $11 {and White stays safe.} Qxd3 27. Rxf6) 26... Ba6 (26... Rc2 $19 27. Ne1 Re2) 27. Rxf6 $4 {[%mdl 8192]} (27. Be3 $15 Qd6 28. Rad1) 27... Qxf6 $19 {[%cal Rf6f1]} 28. Bf4 {And now Be5 would win.} Bxd3 29. Re1 Rce8 {[%cal Re8e1]} 30. Rd1 Qxf4 31. Qxd3 Rd8 $2 (31... Re3 $19 32. Qd2 Qe5) 32. Qc3+ $11 {[#]} Rd4 $1 {[%mdl 512]} 33. Qxd4+ Qxd4 34. Rxd4 {[%mdl 4096] Endgame KR-KR} Rb8 (34... Rc8 $17 {( -> ...Rc1+)} 35. Rd1 Rc2) 35. Kg1 Kg7 36. Kf2 Kf6 37. Rd7 h5 38. Rh7 Kg5 39. Rc7 h4 40. Rc4 Kh5 41. g3 hxg3+ 42. hxg3 g5 43. Kg2 b5 44. Rc6 a4 45. Rd6 b4 46. Rd5 Kg6 47. b3 a3 48. Rd4 Rc8 49. Rd6+ (49. Rxb4 $11 {keeps the balance.} Rc2+ {[%mdl 64] Double Attack} 50. Kf3) 49... Kf5 $17 50. Rd2 $2 {[%mdl 8192]} (50. Rd5+ $17 Ke4 51. Rxg5) 50... Ke4 {aiming for ...Ke3.} 51. Kf2 $2 {[%mdl 32768] A wild game. Accuracy: White = 48%, Black = 60%. . Sensor Board Error (Ke4/e5)?} (51. Kh3) 1-0

[Event "Stay Safe Play From Home 292"]
[Site "Emanuel Lasker Arena"]
[Date "2020.07.10"]
[Round "3"]
[White "Chase the sun"]
[Black "Klasman"]
[Result "1-0"]
[WhiteElo "1837"]
[BlackElo "1385"]
[Annotator "NA RC"]
[PlyCount "33"]
[EventDate "2020.07.10"]
[EventType "swiss (blitz)"]

{Lerch, Martin Erik} 1. e4 {[%emt 0:00:01]} f5 {[%emt 0:00:01]} 2. exf5 {[%emt 0:00:01]} Nf6 {[%emt 0:00:01]} 3. g4 {[%emt 0:00:02]} h6 {[%emt 0:00:02]} 4. Bg2 {[%emt 0:00:04]} d5 {[%emt 0:00:01]} 5. d4 {[%emt 0:00:01]} e6 {[%emt 0:00:01]} 6. h4 {[%emt 0:00:07]} exf5 {[%emt 0:00:02]} 7. g5 {[%emt 0:00:00]} hxg5 {[%emt 0:00:04]} 8. hxg5 {[%emt 0:00:00]} Rxh1 {[%emt 0:00:02]} 9. Bxh1 {[%emt 0:00:00]} Ne4 {[%emt 0:00:05]} 10. Qh5+ {[%emt 0:00:01]} Ke7 {[%emt 0:00:07]} 11. g6 {[%emt 0:00:01]} Kd6 {[%emt 0:00:04]} 12. Bf4+ {[%emt 0:00:02]} Kc6 {[%emt 0:00:05]} 13. Bxe4 {[%emt 0:00:00]} fxe4 {[%emt 0:00:05]} 14. c4 {[%emt 0:00:00]} Be6 {[%emt 0:00:10]} 15. Nc3 {[%emt 0:00:02]} dxc4 {[%emt 0:00:04]} 16. O-O-O {[%emt 0:00:01]} Bb4 {[%emt 0:00:07]} 17. Nge2 {[%emt 0:00:01] Time (Lag: Av=0.45s, max=0.6s)} 1-0

[Event "Stay Safe Play From Home 292"]
[Site "Emanuel Lasker Arena"]
[Date "2020.07.10"]
[Round "3"]
[White "Edmatuag"]
[Black "Grazie"]
[Result "1/2-1/2"]
[WhiteElo "1621"]
[BlackElo "1924"]
[Annotator "TA"]
[PlyCount "124"]
[EventDate "2020.07.10"]
[EventType "swiss (blitz)"]

{[%evp 9,124,-45,-40,-51,-31,-48,-30,-68,-60,-66,-35,-90,-72,-156,-147,-150,-143,-137,-108,-122,-106,-190,-138,-208,-131,-292,-217,-209,-166,-156,-52,-70,-29,-52,-64,-59,-52,-41,-37,-52,-17,-47,-44,-23,0,-194,-8,-8,-8,0,-8,0,-8,-10,-10,-12,24,24,23,23,99,99,29970,29972,29972,29973,29969,29968,12793,6311,29976,29977,29982,29982,29982,29983,29983,29984,29985,29985,29985,29984,29984,29984,29985,29986,29986,29985,29985,29986,29986,29987,29987,29988,29988,29989,29991,29992,29992,29993,29993,29992,29992,29993,29993,29992,29992,29993,29995,29994,29995,29995,29995,29996,29996,29996,29997]} 1. e3 e6 2. Nc3 d5 3. b3 Nf6 4. Bb2 Be7 {[#]} 5. Bb5+ $146 ({Predecessor:} 5. d4 O-O 6. Qf3 Nbd7 7. O-O-O a6 8. g4 b5 9. g5 Ne8 10. h4 Bb7 11. Nh3 {1-0 (35) Broksch,D (1902)-Keller,H (1709) Dresden 2016}) 5... c6 6. Be2 {A00: Irregular Openings.} O-O 7. d3 Nbd7 8. Qd2 {Black has an edge.} a6 9. Nf3 b5 10. Nd4 (10. O-O $15) 10... Bb7 11. e4 (11. f4 $142) 11... c5 12. Nf3 dxe4 13. Nxe4 Nxe4 14. dxe4 Bxe4 15. O-O-O (15. O-O $17 {keeps fighting.}) 15... Nf6 ({Better is} 15... Bd5 $19 16. c4 bxc4 17. Bxc4 Nb6) 16. Qf4 (16. Qxd8 $17 Rfxd8 17. Bd3) 16... Qb8 17. Qg5 $2 (17. Qxb8 $17 Raxb8 18. c4) 17... h6 18. Qg3 Qxg3 19. hxg3 Bxf3 ({Black should play} 19... Rfd8 $17 20. Rhf1 Rac8 21. Rxd8+ Rxd8) 20. Bxf3 Rad8 21. Rxd8 Rxd8 22. Rd1 Rxd1+ 23. Kxd1 $15 {[%mdl 4096] Endgame KBB-KBN} Nd5 24. Ke2 Bf6 25. Bxf6 Nxf6 $11 {KB-KN} 26. Kd3 $1 Nd5 27. Ke4 $2 {[#]} (27. Bxd5 $11 {and White is okay.} exd5 28. b4 $1 {[%mdl 512]}) 27... Nc3+ $2 (27... Nb4 $1 $19 28. Ke5 Nxc2) 28. Ke5 Nxa2 {Strongly threatening ...a5.} 29. Kd6 c4 30. bxc4 bxc4 31. Kc5 $1 a5 32. Kxc4 Nb4 33. c3 Na6 $1 34. Kb5 Nc7+ (34... Nb8 $1 $11 {keeps the balance.}) 35. Kxa5 $16 Nd5 $2 {[%mdl 8192] [#]} (35... Ne8 $16) 36. Bxd5 $1 exd5 {KP-KP} 37. Kb5 Kf8 38. Kc5 Ke7 39. Kxd5 f5 40. Ke5 {White mates.} g5 41. c4 f4 42. gxf4 gxf4 43. Kxf4 Kd6 {[#]} 44. c5+ $1 Kxc5 {KPP-KP} 45. Kf5 Kd6 46. Kg6 Ke7 47. Kxh6 {KP-KP} Ke6 48. f4 Kf5 49. g3 Kg4 50. Kg6 Kf3 51. f5 Kxg3 {KP-K} 52. f6 Kg4 53. f7 Kf4 54. f8=Q+ Ke4 55. Qf6 Kd5 56. Qe7 Kd4 57. Qe2 Kd5 58. Kf5 Kd6 59. Qe4 Kd7 60. Qe5 Kc6 61. Ke6 Kb6 62. Qd5 Kc7 {[%mdl 32768] Quite a comeback for White. Accuracy: White = 72%, Black = 56%. . An unexpected result.} 1/2-1/2

[Event "Stay Safe Play From Home 292"]
[Site "Emanuel Lasker Arena"]
[Date "2020.07.10"]
[Round "3"]
[White "UHU4"]
[Black "Haris kollari 13"]
[Result "0-1"]
[WhiteElo "1455"]
[BlackElo "1718"]
[Annotator "NA"]
[PlyCount "44"]
[EventDate "2020.07.10"]
[EventType "swiss (blitz)"]

{Manoc a, Calota} 1. e4 {[%emt 0:00:02]} e6 {[%emt 0:00:01]} 2. d4 {[%emt 0:00:01]} d5 {[%emt 0:00:00]} 3. exd5 {[%emt 0:00:01]} exd5 {[%emt 0:00:01]} 4. Bd3 {[%emt 0:00:00]} c6 {[%emt 0:00:00]} 5. Nf3 {[%emt 0:00:01]} Bg4 {[%emt 0:00:01]} 6. O-O {[%emt 0:00:01]} Bd6 {[%emt 0:00:01]} 7. c3 {[%emt 0:00:01]} Ne7 {[%emt 0:00:01]} 8. Na3 {[%emt 0:00:02]} Nd7 {[%emt 0:00:01]} 9. Nc2 {[%emt 0:00:01]} O-O {[%emt 0:00:01]} 10. Bxh7+ {[%emt 0:00:02]} Kxh7 {[%emt 0:00:02]} 11. Ng5+ {[%emt 0:00:01]} Kg8 {[%emt 0:00:04]} 12. Qxg4 {[%emt 0:00:01]} Nf6 {[%emt 0:00:01]} 13. Qh4 {[%emt 0:00:06]} Ng6 {[%emt 0:00:01]} 14. Qh3 {[%emt 0:00:04]} Qc7 {[%emt 0:00:02]} 15. f4 {[%emt 0:00:02]} Nxf4 {[%emt 0:00:04]} 16. Bxf4 {[%emt 0:00:03]} Bxf4 {[%emt 0:00:01]} 17. Qg4 {[%emt 0:00:10]} Bxg5 {[%emt 0:00:06]} 18. Qxg5 {[%emt 0:00:01]} Nh7 {[%emt 0:00:01]} 19. Qh5 {[%emt 0:00:07]} Rfe8 {[%emt 0:00:01]} 20. Nb4 {[%emt 0:00:05]} a5 {[%emt 0:00:02]} 21. Nd3 {[%emt 0:00:02]} Re6 {[%emt 0:00:02]} 22. Ne5 {[%emt 0:00:01]} f6 {[%emt 0:00:01] Tiempo (Lag: Av=0.48s, max=0.8s)} 0-1

[Event "Stay Safe Play From Home 292"]
[Site "Emanuel Lasker Arena"]
[Date "2020.07.10"]
[Round "4"]
[White "Mepe_Nika"]
[Black "AChessPlayer"]
[Result "0-1"]
[WhiteElo "2361"]
[BlackElo "2362"]
[Annotator "TA"]
[PlyCount "58"]
[EventDate "2020.07.10"]
[EventType "swiss (blitz)"]

{[%evp 10,58,10,0,17,0,9,0,24,18,41,45,125,115,129,131,154,78,77,0,100,73,281,-18,-17,-483,-499,-1354,-1318,-1408,-1367,-1670,-1682,-1677,-1681,-1716,-1642,-3709,-3236,-29991,-29992,-29992,-29993,-29994,-29995,-29995,-29996,-29996,-29996,-29997,-29998]} 1. g3 g6 2. Bg2 Bg7 3. c4 c5 4. Nc3 Nc6 5. d3 d6 6. Bd2 Nf6 {A36: Symmetrical English vs ...g6: 4 Bg2 Bg7.} 7. Qc1 h6 8. Rb1 a6 {The position is equal.} 9. a3 {[#]} Bf5 $146 ({Predecessor:} 9... Be6 10. Nd5 Bxd5 11. cxd5 Nd4 12. Qd1 Nb5 13. Qc1 Nd4 14. Qd1 Nb5 15. Qc1 Nd4 {1-0 (60) Tran,T (2548)-Aronyak,G (2309) New Delhi 2018}) 10. b4 Rc8 (10... cxb4 $14 11. axb4 Qc8) 11. bxc5 $16 dxc5 12. Rxb7 g5 13. h4 ({White should try} 13. Nf3) 13... g4 14. Nd5 (14. h5 $16) 14... Be6 (14... Nxd5 $11 15. Bxd5 (15. cxd5 Na5 $11) 15... Na5) 15. Bc3 Nd4 $2 {[#]} (15... O-O $16) 16. e3 $2 ({Less strong is} 16. Rxe7+ Kf8 $16) ({Better is} 16. Nxe7 $18 {Hoping for e3.} Rb8 17. Nc6 Nxc6 18. Bxc6+ Kf8 19. Rxb8 Qxb8 20. e4) 16... Nxd5 $11 17. cxd5 $4 {[%mdl 8192]} (17. exd4 $11 {and White has nothing to worry.} Nxc3 18. Qxc3) 17... Bxd5 $19 18. Bxd4 (18. Rh2 $142 Bxg2 19. Rxg2) 18... cxd4 19. Qb2 Bxg2 20. e4 Bxh1 21. Ne2 Bf3 22. Nf4 O-O 23. Kf1 Rb8 24. Kg1 Rxb7 {Black mates.} 25. Qxb7 Qb8 26. Qxb8 Rxb8 27. Kh2 Rb1 {[%csl Gf3][%cal Rb1h1]} 28. Ng2 Rf1 29. h5 {[#]} Be5 $1 {Accuracy: White = 29%, Black = 62%.} 0-1

[Event "Stay Safe Play From Home 292"]
[Site "Emanuel Lasker Arena"]
[Date "2020.07.10"]
[Round "4"]
[White "MarkonY"]
[Black "Greblah"]
[Result "1-0"]
[WhiteElo "2315"]
[BlackElo "1890"]
[Annotator "TA"]
[PlyCount "87"]
[EventDate "2020.07.10"]
[EventType "swiss (blitz)"]

{[%evp 9,87,18,36,0,0,0,0,-11,1,-39,33,-73,-44,-81,-59,-59,-12,-6,33,22,45,-17,-16,-8,-26,-109,-31,-40,-24,-14,49,47,61,19,59,53,51,29,75,48,47,43,50,51,24,26,87,70,69,8,8,8,9,-133,-125,-132,-139,-237,-232,-592,-594,-686,-642,-641,-609,-614,-606,-569,-500,-446,-386,-527,-520,-514,-13,-4,0,-10,0,0]} 1. d4 c6 2. c4 d5 3. Nc3 e5 4. e3 e4 5. Nge2 Nf6 6. h3 {[#] D10: Slav Defence: 3 cxd5 (without early Nf3) and 3 Nc3.} Bd6 $146 ({Predecessor:} 6... Be6 7. Nf4 Bd6 8. Qb3 Qd7 9. Nxe6 fxe6 10. Be2 O-O 11. Bd2 Qc7 12. O-O-O b5 {½-½ (81) Dr Ex-Mhoffpauir,d playchess.com INT 2005}) 7. g4 O-O 8. a3 Nbd7 {[%cal Bb8d7,Bd7f8,Bf8e6][%mdl 32]} 9. Bg2 a6 (9... h6 $15) 10. c5 (10. g5 $14 {keeps the upper hand.}) 10... Bb8 11. Qc2 Re8 12. Bd2 Nf8 13. O-O-O Be6 14. Nf4 b6 15. Nxe6 (15. cxb6 $14 Qxb6 16. Na4) 15... Nxe6 $11 16. cxb6 Qxb6 17. f4 {[#]} (17. Rhf1 $11) 17... exf3 ({Black should try} 17... Bxf4 $1 $17 {[%mdl 512]} 18. exf4 Nxd4) 18. Bxf3 $15 Bd6 19. h4 $1 Reb8 (19... Rab8 $11) 20. g5 $36 {[%mdl 2048] White has good play.} Nd7 21. Na4 Qb3 22. Qxb3 Rxb3 23. Bc3 Nb6 24. Nxb6 (24. Kc2 $5 {[%cal Rc2b3]} Rb5 25. Nxb6 Rxb6 26. e4 $14) 24... Rxb6 25. Kc2 Rab8 26. e4 dxe4 27. Bxe4 Bf4 (27... Nf4 $11) 28. Rhf1 $16 Bg3 29. d5 (29. a4 $14) 29... cxd5 $11 30. Rxd5 Bxh4 31. g6 (31. Rd7 $11 {keeps the balance.} Nc5 32. Rfxf7 Nxd7 33. Rxg7+ Kf8 34. Rxd7) 31... hxg6 $17 32. Rd7 {[#]} Bf6 $1 {Hoping for ...Nc5.} 33. Bxf6 (33. Bd5 $17) 33... gxf6 $19 34. Bxg6 $2 (34. Bd5 {is more resistant.}) 34... fxg6 35. Re1 Rc8+ 36. Kb1 Nf8 37. Ra7 Rcb8 38. b4 {[#]} a5 $1 39. Rxa5 Kg7 40. Re7+ Kh6 41. Raa7 Nd7 $2 (41... g5 $19 42. Kc2 g4) 42. Raxd7 $11 {The position is equal.} Kg5 43. Kb2 Rc6 44. Kb3 {[%mdl 32768] Accuracy: White = 51%, Black = 53%. . Sensor Board Error (Ke4/e5)?} 1-0